Catálogo del Archivo José F. Elizondo /

Catálogo del archivo personal del dramaturgo, epigrafista, director de revistas, periodista, cronista, actor, escritor, compositor e inventor mexicano José F. Elizondo, quien firmara sus obras tanto con su nombre como con los pseudónimos Pepe Nava y Kien. Se trata de fotografías y documentos; de las...

Fuld beskrivelse

Guardado en:
Bibliografiske detaljer
Hovedforfatter: Matabuena Peláez, María Teresa (autor)
Format: Bog
Sprog:spansk
Udgivet: México : Universidad Iberoamericana, Plantel Santa Fe, Biblioteca Francisco Xavier Clavigero, 2005, c2005
Fag:
Tags: Tilføj Tag
Ingen Tags, Vær først til at tagge denne postø!

MARC

LEADER 00000nam^a2200000^a^4500
001 000262458
005 20250521000000.0
009 20260310110543.622
025 |a Donación sin dato, 1 ejemplar 
037 |a Acervo ITESO - Biblioteca 
041 |a ESP 
082 |a 027. 072532  |b UNI UIA JFE-cc 
100 |a Matabuena Peláez, María Teresa  |e (autor) 
245 1 0 |a Catálogo del Archivo José F. Elizondo /  |c T. Matabuena Peláez. 
264 4 |a México :  |b Universidad Iberoamericana, Plantel Santa Fe, Biblioteca Francisco Xavier Clavigero,  |c 2005, c2005 
300 |a XVI, 129 p. 
336 |a texto  |b txt  |2 rdacontenido 
337 |a sin mediación  |b n  |2 rdamedio 
338 |a volumen  |b nc  |2 rdasoporte 
520 |a Catálogo del archivo personal del dramaturgo, epigrafista, director de revistas, periodista, cronista, actor, escritor, compositor e inventor mexicano José F. Elizondo, quien firmara sus obras tanto con su nombre como con los pseudónimos Pepe Nava y Kien. Se trata de fotografías y documentos; de las primeras, casi todas de finales del siglo XIX hasta la cuarta década del XX; los documentos representan, de manera incompleta, el quehacer literario y periodístico de Elizondo. 
649 |a XX 
650 |a Periodistas Mexicanos 
650 |a Escritores Mexicanos 
650 |a Músicos Mexicanos 
650 |a Fotografía Mexicana -  |y Siglo XIX -  |x Catálogos 
650 |a Fotografía Mexicana -  |y Siglo XX -  |x Catálogos 
650 |a Fotografía Mexicana -  |x Catálogos 
650 |a México -  |x Historia -  |y Siglo XX -  |x Documentos 
650 |a Catálogos de Archivos -  |z México (Ciudad) 
650 |a Archivos -  |z México (Ciudad) 
650 |a Catálogos de Bibliotecas -  |z México (Ciudad) 
650 |a Universidad Iberoamericana -  |z México (Ciudad) 
650 |a Bibliotecas Universitarias -  |x Colecciones Especiales -  |x Tema Principal 
650 |a Bibliotecas Universitarias -  |z México (Ciudad) 
650 |a Bibliotecas Universitarias -  |z México 
650 |a Catalogación 
650 |a Clasificación Bibliográfica 
650 |a Biblioteconomía 
600 |a Elizondo, José F. 
910 |a Fondo General 
920 |a Impresos - Libros 
930 |a Obras de Referencia 
940 |a Biblioteconomía 
905 |a 102 
901 |a 0500143244  |b IT2  |c REF  |i D  |u 20250521 
902 |a https://opac.biblio.iteso.mx/vufind/Record/000262458